Surgery (Record no. 154578)
[ view plain ]
| 000 -LEADER | |
|---|---|
| fixed length control field | 00274nam a2200109Ia 4500 |
| 008 - FIXED-LENGTH DATA ELEMENTS--GENERAL INFORMATION | |
| fixed length control field | 230411s9999 xx 000 0 und d |
| 041 ## - LANGUAGE CODE | |
| Language code of text/sound track or separate title | eng |
| 082 ## - DEWEY DECIMAL CLASSIFICATION NUMBER | |
| Classification number | S/610.73677/T.T/B03766 |
| 100 ## - MAIN ENTRY--PERSONAL NAME | |
| Personal name | Taylor T & Johnson |
| 9 (RLIN) | 177915 |
| 245 ## - TITLE STATEMENT | |
| Title | Surgery |
| Withdrawn status | Lost status | Damaged status | Not for loan | Collection code | Home library | Current library | Date acquired | Vendor | Cost, normal purchase price | Bill number | Total Checkouts | Full call number | Barcode | Date last seen | Cost, replacement price | Bill Date | Koha item type | Original Barcode |
|---|---|---|---|---|---|---|---|---|---|---|---|---|---|---|---|---|---|---|
| Smt. Bakul Tambat Institute of Nursing Education | Smt. Bakul Tambat Institute of Nursing Education | 09/10/2006 | British Library | 50.00 | V.NO. 259 | S 610.73677 T.T B03766 | BTIN-BK-3766 | 11/04/2023 | 50.00 | 09/10/2006 | Books | B03766 |